| 000 | 00918cam a2200301 a 4500 | ||
|---|---|---|---|
| 001 | 15124932 | ||
| 003 | NUST | ||
| 005 | 20211201153745.0 | ||
| 008 | 080102s2008 pk b 000 0 eng | ||
| 010 | _a 2007376657 | ||
| 025 | _aP-E-2007376657; 45 | ||
| 038 | _awaseem | ||
| 040 |
_aDLC _cDLC _dDLC |
||
| 042 | _alcode | ||
| 050 | 0 | 0 |
_aKBP2101 _b.I84 2008 |
| 082 |
_a342.0091767 _bISH |
||
| 100 | 1 |
_aIshaque, Khalid M., _d1926- _985406 |
|
| 245 | 1 | 0 |
_aConstitutional limitations : _ban essay on limits on exercise of political power / _cKhalid M. Ishaque. |
| 250 | _a2nd ed. | ||
| 260 |
_aKarachi : _bPakistan Law House, _c2008. |
||
| 300 |
_a100 p. ; _c23 cm. |
||
| 504 | _aIncludes bibliographical references (p. 73-78). | ||
| 563 | _aHBK. | ||
| 650 | 0 |
_aConstitutional law (Islamic law) _985407 |
|
| 906 |
_a7 _bcbc _corigode _d2 _encip _f20 _gy-gencatlg |
||
| 942 |
_2ddc _cBK |
||
| 999 |
_c586954 _d586954 |
||